00367nam a2200121Ia 4500100001600000942000700016654002400023245005000047260003500097546001200132999001700144952008400161 aRoeper/ R.  cBK aThree phase systems aShort Circuit Currents in Three-Phase Systems bWiley easternaNew Delhic1989 aENGLISH c21188d21188 001040708CRCaCRCEbCRCEd2023-03-17l0o p5049r2023-03-17w2023-03-17yBK